Top 50 Best NBA Players 2018-2019 Season - Statistics

General Stats
  • This quiz has been taken 367 times
  • The average score is 39 of 50
Answer Stats
Rank Player Team % Correct
#4 James Harden Rockets
99%
#2 Kevin Durant Warriors
99%
#1 LeBron James Lakers
99%
#3 Steph Curry Warriors
99%
#5 Anthony Davis Pelicans
98%
#7 Giannis Antetokounmpo Bucks
98%
#9 Joel Embiid 76ers
98%
#8 Russell Westbrook Thunder
98%
#6 Kawhi Leonard Raptors
97%
#12 Klay Thompson Warriors
97%
#14 Chris Paul Rockets
95%
#11 Damian Lillard Trail Blazers
95%
#13 Paul George Thunder
94%
#10 Kyrie Irving Celtics
92%
#16 Karl-Anthony Towns Timberwolves
91%
#27 Draymond Green Warriors
90%
#30 Nikola Jokic Nuggets
88%
#29 Bradley Beal Wizards
86%
#19 DeMar DeRozan Spurs
86%
#22 Devin Booker Suns
86%
#34 Jayson Tatum Celtics
86%
#26 John Wall Wizards
86%
#18 Ben Simmons 76ers
85%
#31 Blake Griffin Pistons
82%
#20 C.J. McCollum Trail Blazers
80%
#15 Jimmy Butler 76ers
80%
#28 Kemba Walker Hornets
80%
#33 Kyle Lowry Raptors
80%
#32 Rudy Gobert Jazz
79%
#25 Khris Middleton Bucks
78%
#40 Donovan Mitchell Jazz
77%
#50 Luka Doncic Mavericks
76%
#17 Victor Oladipo Pacers
75%
#38 Kevin Love Cavaliers
74%
#21 LaMarcus Aldridge Spurs
74%
#42 Zach LaVine Bulls
72%
#23 DeMarcus Cousins Warriors
68%
#39 Jaylen Brown Celtics
68%
#45 Andre Drummond Pistons
65%
#41 Steven Adams Thunder
65%
#43 Jrue Holiday Pelicans
63%
#35 Brandon Ingram Lakers
61%
#24 Kristaps Porzingis Knicks
61%
#49 Aaron Gordon Magic
59%
#46 Eric Gordon Rockets
59%
#44 Clint Capela Rockets
58%
#37 Lou Williams Clippers
57%
#36 Tobias Harris Clippers
55%
#48 Lauri Markkanen Bulls
36%
#47 T.J. Warren Suns
15%
No matching quizzes found
Score Distribution
Percent of People with Each Score
Percentile by Number Answered
Your Score History
You have not taken this quiz